• 首页
  • 本馆介绍
  • 公告通知
  • 最新文献
  • 馆藏检索
  • 电子资源
  • 读者导购
  • 参考咨询
  • 我的图书馆
  • 登录
  • 详细信息显示
  • 放入我的书架
  • 预约/预借图书
  • 作者相关作品
  • 分类相关作品
  • 丛书相关作品
  • 出版社相关作品

书目信息

  • 表格格式
  • 工作单格式
  • 卡片格式
题名:
昆明解放
    
 
作者: 黄凤平 主编 ;云南省档案馆 编
分册:  
出版信息: 北京   中国文史出版社  2017
页数: 38,543页
开本: 26cm
丛书名: 城市解放纪实系列丛书
单 册:
中图分类: I253.2 , K266.606
科图分类:
主题词: 纪实文学--中国--当代 , 第三次国内革命战争--云南--昆明--史料
电子资源:
ISBN: 978-7-5034-8680-7
000 01099oam2 2200301 450
001 012001005810
005 20080820143357.0
010    @a978-7-5034-8680-7@dCNY118.00
100    @a20170524d2017 em y0chiy50 ea
101 0  @achi
102    @aCN@b110000
105    @ay z 000yy
106    @ar
200 1  @a昆明解放@9kun ming jie fang@e1949.12.9@f云南省档案馆编
210    @a北京@c中国文史出版社@d2017
215    @a38,543页@d26cm
225 1  @a城市解放纪实系列丛书@f李明华主编
314    @a主编:黄凤平
330    @a本书内容包括解放前夕昆明市政治、经济、文化、历史等方面的概况;人民解放军政治攻势、战役战斗等军事斗争情况;城市解放后的接管政策、接管过程、各界反映;接管城市后的政权建设、城市建设、恢复和发展生产等方面的情况。
461  0 @12001 @a城市解放纪实系列丛书
606 0  @a纪实文学@y中国@z当代
606 0  @a第三次国内革命战争@y云南@y昆明@j史料
690    @aI253.2@v5
690    @aK266.606@v5
701  0 @a黄凤平@9huang feng ping@4主编
712 02 @a云南省档案馆@9yun nan sheng dang an guan@4编
801  0 @aCN@b上海新华@c20180901
905    @b1168108-11@dI253.2@e1096@f4
    
    昆明解放:1949.12.9/云南省档案馆编.-北京:中国文史出版社,2017
    38,543页;26cm.-(城市解放纪实系列丛书/李明华主编)
    
    
    ISBN 978-7-5034-8680-7:CNY118.00
    本书内容包括解放前夕昆明市政治、经济、文化、历史等方面的概况;人民解放军政治攻势、战役战斗等军事斗争情况;城市解放后的接管政策、接管过程、各界反映;接管城市后的政权建设、城市建设、恢复和发展生产等方面的情况。
●
相关链接 在E读中查询图书 在五车中查询图书 在当当中查询图书 在豆瓣中查询图书


正题名:昆明解放     索取号:I253.2/1096         预约/预借

序号 登录号 条形码 馆藏地/架位号 状态 备注
1 1168108   211681081   第一样本阅览室/ [索取号:I253.2/1096] 在馆    
2 1168109   211681090   第二借阅区/ [索取号:I253.2/1096] 在馆    
3 1168110   211681107   密集书库-文学院/ [索取号:I253.2/1096] 在馆    
4 1168111   211681116   第二借阅区/ [索取号:I253.2/1096] 在馆    
唐山师范学院图书馆 欢迎您!
大连网信软件有限公司© 版权所有